random words english to italian pt 3 - Statistics

General Stats
  • This quiz has been taken 90 times
    31 since last reset
  • The average score is 27 of 99
Answer Stats
English Italian % Correct
twenty venti
100%
door porta
81%
thirty trenta
81%
sixty sessanta
74%
morning (f) mattina
70%
chair (f) sedia
70%
cheese formaggio
67%
eighteen diciotto
63%
wine vino
63%
to swim nuotare
59%
to open aprire
56%
to drink bere
56%
i'm sorry mi dispiace
56%
afternoon (m) pomeriggio
56%
to put mettere
52%
light (f) luce
44%
without senza
44%
to go out uscire
44%
to win vincere
44%
there are ci sono
41%
here qui
41%
biscuits biscotti
37%
to sleep dormire
37%
road/street strada
37%
they tried hanno provato
33%
slowly lentamente
33%
to answer rispondere
33%
he hopes spera
33%
table tavolo
33%
at the restaurant al ristorante
30%
i drink bevo
30%
steak bistecca
30%
the party la festa
30%
original originale
30%
week settimana
30%
sad triste
30%
to help aiutare
26%
she comes lei viene
26%
he helps lui aiuta
26%
he says/tells lui dice
26%
or o
26%
to touch toccare
26%
we played abbiamo giocato
22%
song (f) canzone
22%
fifty cinquanta
22%
i buy compro
22%
i make/do faccio
22%
i helped ho aiutato
22%
to prefer preferire
22%
you prefer preferisci
22%
safe sicuro
22%
to explain spiegare
22%
you say/tell dici
19%
we say/tell diciamo
19%
i say/tell dico
19%
they say/tell dicono
19%
you make/do fai
19%
they make/do fanno
19%
to drive guidare
19%
he stole ha rubato
19%
he won ha vinto
19%
i played ho giocato
19%
i talked ho parlato
19%
he makes/does lui fa
19%
peas (m) piselli
19%
fourty quaranta
19%
i went sono andato/a
19%
i come vengo
19%
he comes lui viene
15%
bright luminoso
15%
to order ordinare
15%
french fries (f) patatine fritte
15%
laptop portatile
15%
to try (on clothes) provare
15%
we remember ricordiamo
15%
to steal rubare
15%
students (m) studenti
15%
to turn on accendere
11%
to taste (try a bit) assaggiare
11%
to say/tell dire
11%
to escape fuggire
11%
i stole ho rubato
11%
i studied ho studiato
11%
raspberries (m) lamponi
11%
unfortunately purtroppo
11%
how far is... quanto e lontano
11%
narrow stretto
11%
they come vengono
11%
you win vinci
11%
the race la gara
7%
it lo
7%
rude maleducato
7%
lipstick rossetto
7%
quiet silenzioso
7%
otherwise altrimente
4%
the kitchen table il tavolo della cucina
4%
fire incendio
4%
there is c'e un
0%
a side of un contorno di
0%
No matching quizzes found
Score Distribution
Percent of People with Each Score
Percentile by Number Answered
Your Score History
You have not taken this quiz since the last reset